000 00487nam a2200157Ia 4500
005 20260601193250.0
008 260601s9999||||xx |||||||||||||| ||und||
020 _a978-3-031-56713-1
_qebk
100 _aArshad Khan
245 0 _aArtificial Intelligence: A Guide for Everyone
250 _a2024
260 _aHeidelberg, Germany
_bSpringer Nature
_c2024
650 _aComputer Science
856 _uhttps://link.springer.com/openurl?genre=book&isbn=978-3-031-56713-1
942 _cEB
_2ddc
999 _c56705
_d56705